| 000 | 00375nam a22001337a 4500 | ||
|---|---|---|---|
| 005 | 20250818130747.0 | ||
| 008 | 250818b |||||||| |||| 00| 0 eng d | ||
| 050 |
_aBS 491 _b.2 EXP |
||
| 245 |
_aTHE EXPOSITOR'S BIBLE COMMENTARY _cFRANK E. GAEBELEIN |
||
| 250 | _aVOL 1,2, 5 8 | ||
| 260 |
_aMICHIGAN _bZONDERVAN PUBLISHING _cc1984 |
||
| 300 | _axvi,; 734p.; | ||
| 942 |
_2lcc _cREF _n0 |
||
| 999 |
_c7285 _d7285 |
||